A kapunyitási pánik jelenségének vizsgálata a Budapesti Gazdasági Egyetem Pénzügyi és Számviteli Karának hallgatói és pályakezdői körében

Bibliographic Details
Main Author: Szűr Letícia Helga
Other Authors: Somogyi Dr. Aliz
Format: Thesis
Kulcsszavak:Kapunyitási Pánik
Egyetemi hallgatók
Pályakezdő
Online Access:http://dolgozattar.uni-bge.hu/14426

MARC

LEADER 00000nta a2200000 i 4500
001 dolg14426
005 20171216133442.0
008 171216suuuu hu om 000 hun d
040 |a BGE Dolgozattár Repozitórium  |b hun 
041 |a hu 
100 1 |a Szűr Letícia Helga 
245 1 2 |a A kapunyitási pánik jelenségének vizsgálata a Budapesti Gazdasági Egyetem Pénzügyi és Számviteli Karának hallgatói és pályakezdői körében  |c Szűr Letícia Helga  |h [elektronikus dokumentum] 
246 1 1 |a A kapunyitási pánik jelenségének vizsgálata a Budapesti Gazdasági Egyetem Pénzügyi és Számviteli Karának hallgatói és pályakezdői körében 
695 |a Kapunyitási Pánik 
695 |a Egyetemi hallgatók 
695 |a Pályakezdő 
700 1 |a Somogyi Dr. Aliz  |e ths 
856 4 0 |u http://dolgozattar.uni-bge.hu/14426/1/Sz%C5%B1r%20Let%C3%ADcia%20Helga_Szakdolgozat.pdf  |z Dokumentum-elérés